| 000 | 00837nam a2200193Ia 4500 | ||
|---|---|---|---|
| 020 | _a9250051964 | ||
| 040 | _cOSU | ||
| 082 | _a639 FOO 2004 A052 Or. | ||
| 110 | 2 | _aGeneral Fisheries Council for the Mediterranean (Food and Agriculture Organization of the United Nations). | |
| 245 | 1 | 0 |
_aReport of the extraordinary session : _bSt. Julian, Malta, 19-23 July 2004 = Rapport de la session extraordinaire : Saint-Julien, Malte, 1925 juillet 2004 |
| 246 | 3 | 1 | _aRapport de la session extraordinaire |
| 260 |
_aRome, Italy : _bFood and Agriculture Organization of the United Nations, _cc2004 |
||
| 300 |
_avi, 58 p. ; _c30 cm |
||
| 490 | 1 |
_aFAO fisheries report ; _aFAO, Rapport sur les p©®ches, |
|
| 500 | _a"FIPL/R755(Bi)" | ||
| 650 | 0 | _aFisheries | |
| 710 | 2 | _aFood and Agriculture Organization of the United Nations | |
| 942 | _cEK | ||
| 999 |
_c14519 _d14519 |
||